Catálogo - Centro de Recursos para el Aprendizaje y la Investigación

Volver al Sitio - CRAI Biblioteca

Legislación tributaria dominicana / (Registro nro. 113786)

Detalles MARC
000 -CABECERA
campo de control de longitud fija 01192nam a2200265Ia 4500
001 - NÚMERO DE CONTROL
campo de control 107289
003 - IDENTIFICADOR DEL NÚMERO DE CONTROL
campo de control DR-UNIBE
005 - FECHA Y HORA DE LA ÚLTIMA TRANSACCIÓN
campo de control 20250626094133.0
008 - DATOS DE LONGITUD FIJA--INFORMACIÓN GENERAL
campo de control de longitud fija 25062612025 dr spa 0000000000spa00
040 ## - FUENTE DE LA CATALOGACIÓN
Centro catalogador/agencia de origen BIBLIOTECA UNIBE
Centro/agencia transcriptor BIBLIOTECA UNIBE
Normas de descripción rda
041 ## - CÓDIGO DE LENGUA
Código de lengua del texto/banda sonora o título independiente spa
082 0# - NÚMERO DE LA CLASIFICACIÓN DECIMAL DEWEY
Número de clasificación RD 343.047293 C212L 2025
100 1# - ENTRADA PRINCIPAL--NOMBRE DE PERSONA
Nombre de persona Canahuate Disla, Francisco,
Fechas asociadas al nombre 1948-
Término indicativo de función/relación autor
9 (RLIN) 157368
245 0# - MENCIÓN DE TÍTULO
Título Legislación tributaria dominicana /
Mención de responsabilidad, etc. Francisco Canahuate Disla, Juanita Canahuate
250 ## - MENCIÓN DE EDICIÓN
Mención de edición Edición 2025
260 4# - PUBLICACIÓN, DISTRIBUCIÓN, ETC.
Lugar de publicación, distribución, etc. Santo Domingo :
Nombre del editor, distribuidor, etc. Canahuate Rouchès,
Fecha de publicación, distribución, etc. 2025
300 4# - DESCRIPCIÓN FÍSICA
Extensión 756 páginas
505 ## - NOTA DE CONTENIDO CON FORMATO
Nota de contenido con formato 1. Código tributario y reglamentos de aplicación | <br/>2. Normas generales de la dirección general de impuestos internos | <br/>3. Regímenes especiales de tributación | <br/>4. Leyes relativas al procedimiento tributario | <br/>5. Acuerdos internacionales en materia tributaria | <br/>
650 ## - PUNTO DE ACCESO ADICIONAL DE MATERIA--TÉRMINO DE MATERIA
Término de materia o nombre geográfico como elemento de entrada Derecho tributario
Subdivisión geográfica República Dominicana
9 (RLIN) 196606
650 ## - PUNTO DE ACCESO ADICIONAL DE MATERIA--TÉRMINO DE MATERIA
Término de materia o nombre geográfico como elemento de entrada Derecho fiscal
Subdivisión geográfica República Dominicana
9 (RLIN) 180205
650 ## - PUNTO DE ACCESO ADICIONAL DE MATERIA--TÉRMINO DE MATERIA
Término de materia o nombre geográfico como elemento de entrada Impuestos
Subdivisión geográfica República Dominicana
9 (RLIN) 6815
951 ## - EQUIVALENCIA O REFERENCIA-CRUZADA--NOMBRE GEOGRÁFICO/NOMBRE DE ÁREA [OBSOLETO] [solamente CAN/MARC]
Nombre geográfico 20061022 10:18:00
700 ## - PUNTO DE ACCESO ADICIONAL--NOMBRE DE PERSONA
Nombre de persona Canahuate Camacho, Juanita
9 (RLIN) 100030
Término indicativo de función/relación autor
942 ## - ELEMENTOS DE PUNTO DE ACCESO ADICIONAL (KOHA)
Tipo de ítem Koha Libro (general)
Fuente del sistema de clasificación o colocación Sistema de Clasificación Decimal Dewey
Existencias
Estado de retiro Estado de pérdida Fuente del sistema de clasificación o colocación No para préstamo Código de colección Localización permanente Fecha de adquisición Total de préstamos Signatura topográfica completa Código de barras Fecha visto por última vez Fecha del último préstamo Número de copia Precio válido a partir de Tipo de ítem Koha
  Disponible Sistema de Clasificación Decimal Dewey   General - Libros dominicanos Biblioteca Central UNIBE 26/06/2025 1 RD 343.047293 C212L 2025 250758 10/07/2025 10/07/2025 Ej. 1 26/06/2025 Libro (general)